[Event "Schleswig Holstein-ch A 62nd"]
[Site "Itzehoe"]
[Date "2007.04.04"]
[Round "7"]
[White "Dambrowski, Ralf"]
[Black "Krieter, Hartmut"]
[Result "0-1"]
[WhiteElo "1496"]
[BlackElo "1459"]
[PlyCount "68"]
[EventDate "2007.03.31"]
[EventType "swiss"]
[EventRounds "9"]
[EventCountry "GER"]
[SourceTitle "EXT 2010"]
[Source "ChessBase"]
[SourceDate "2010.11.25"]
[SourceVersion "1"]
[SourceVersionDate "2010.11.25"]
[SourceQuality "1"]

1. Nf3 Nf6 2. g3 d5 3. Bg2 Bg4 4. 0-0 h5 5. h4 Nbd7 6. d4 c6 7. b3 Ne4 8. Ne1 e6 9. f3 Nxg3 10. fxg4 Qxh4 11. Nf3 Qxg4 12. Nh2 Nxe2+ 13. Kf2 Qg3+ 14. Kxe2 Qxg2+ 15. Rf2 Qe4+ 16. Be3 Bd6 17. Nc3 Qh7 18. Nf3 f6 19. Rg2 0-0-0 20. Rc1 Rdf8 21. Na4 g5 22. c4 h4 23. cxd5 exd5 24. Qd2 h3 25. Rgg1 h2 26. Rh1 g4 27. Nxh2 Bxh2 28. Qa5 Kb8 29. Bf4+ Ka8 30. Bxh2 Qe4+ 31. Kd2 Rxh2+ 32. Rxh2 Qf4+ 33. Kd1 Qxh2 34. Qc7 Qxc7 0-1